000 00804nas a2200253 4500
001 BR2011000784
003 BR-BrBNA
005 20231205114424.0
007 ta
008 230509b bl.|||p| |||| 00| 00por d
040 _aBR-BrBNA
_bpor
_cBiblioteca Nacional de Agricultura
041 _a(Pt)
072 _aF50
100 1 _aBrito-Ramos, A.B.
100 1 _aAlmeida-Cortez, J.S.
100 1 _aAlves, M.
245 1 _aCaracterização morfológica de minas foliares em espécies de Melastomataceae de Mata Atlântica, PE
650 _aMELASTOMATACEAE
650 _aANATOMIA VEGETAL
650 _aPERNAMBUCO
773 0 _tActa Botanica Brasilica (Brazil)
_xISSN 0102-3306
_g(Jul-Sep 2010), v. 24(3) p. 599-604
_wBR2011000784
909 _a202311
_bLúcia
_c55
_dLúcia Elande
942 _2AGRIS
_n0
_cANA
999 _c208691
_d208691